000 00446nam a2200181Ia 4500
001 16586
005 20260306170320.0
008 260306t2013||||xx |||||||||||||| ||und||
041 _aESP
082 _a348.8
_bA69
100 _aArévalo Vela, Javier
_eAUT
245 0 _aComentarios a la nueva ley procesal del trabajo
260 _c2013
300 _a416 páginas :
_c24 cm.
650 _aGEN
654 _aCDE
942 _cLIB
_dJUS
_fJUS
_2ddc
_n
999 _c16586
_d16586